000 00633nam a2200277Ia 4500
005 20260324133041.0
008 008 260324s9999 xx 000 0 eng d
020 _a9781315017921
037 _aEBOOK
040 _aCRL
040 _beng
040 _cCRL
041 _2eng
041 _aeng
084 _qCRL
100 _aJoan Metge
_91191609
245 0 _aRautahi: The Maoris of New Zealand
260 _bTaylor and Francis
260 _c2004
365 _a
365 _b350
856 _uhttp://www.taylorfrancis.com/books/9781315017921
942 _cEBOOK
999 _c1790304
_d1790304